MLB Team Logos - Sudden Death - Statistics

General Stats
  • This quiz has been taken 549 times
    303 since last reset
  • The average score is 23 of 30
Answers on the Grid
Answers color-coded by a green-red scale on the quiz's grid according to % correct below.
 
Answer Stats
Answer % Correct
MLB
85%
MLB
81%
MLB
80%
MLB
80%
MLB
80%
MLB
79%
MLB
79%
MLB
79%
MLB
79%
MLB
78%
MLB
78%
MLB
78%
MLB
78%
MLB
78%
MLB
78%
MLB
78%
MLB
78%
MLB
77%
MLB
77%
MLB
77%
MLB
77%
MLB
77%
MLB
76%
MLB
76%
MLB
75%
MLB
75%
MLB
74%
MLB
74%
MLB
74%
MLB
69%
No matching quizzes found
Score Distribution
Percent of People with Each Score
Percentile by Number Answered
Your Score History
You have not taken this quiz since the last reset